Sherlock Holmes Counties Visited Map - Statistics

General Stats
  • This quiz has been taken 142 times
  • The average score is 9 of 16
Answers on the Map
Answers color-coded by a green-red scale on the quiz's map according to % correct below.
 
Answer Stats
County % Correct
Greater London
93%
City of London
91%
Cornwall
71%
Kent
67%
Devon
65%
Oxfordshire
58%
Cambridgeshire
57%
Essex
57%
Norfolk
53%
Surrey
48%
East Sussex
46%
Hampshire
43%
West Sussex
43%
Berkshire
35%
West Midlands
30%
Herefordshire
29%
No matching quizzes found
Score Distribution
Percent of People with Each Score
Percentile by Number Answered
Your Score History
You have not taken this quiz